000 00399nam a2200157Ia 4500
999 _c14260
_d14260
003 OSt
005 20260304193025.0
008 260210s9999 xx 000 0 und d
020 _a9781138575257
100 _aRachel Armstrong
245 0 _axperimental Architecture: Designing the Unknown
260 _bRoutledge (Taylor & Francis Ltd)
260 _c2019
300 _a206 pp.,
942 _cUG
_2ddc